El español de Chile

שמור ב:
מידע ביבליוגרפי
מחבר ראשי: Sáez Godoy, Leopoldo (Author)
פורמט: ספר
שפה:ספרדית
יצא לאור: Santiago Universidad de Santiago de Chile 2001
סדרה:Colección Idea
נושאים:
תגים: הוספת תג
אין תגיות, היה/י הראשונ/ה לתייג את הרשומה!

MARC

LEADER 00000nam a2200000 a 4500
001 UCL2649
003 CL-VaPUC
008 031031e20010000cl |||||||||||||||||spa|d
020 |a 9567774080 
082 0 4 |a 467.983  |b SAE  |2 21 
100 0 |a Sáez Godoy, Leopoldo  |e author  |9 479762 
245 1 3 |a El español de Chile 
246 1 3 |a La creatividad lingüística de los chilenos 
300 |a 198 p 
942 |c BK 
945 |d 20031031 00:00:00  |a cmena 
260 |a Santiago  |b Universidad de Santiago de Chile  |c 2001 
650 0 |a Español  |9 255372 
650 0 |a Chilenismos  |9 306533 
650 0 |a Anglicismos  |9 454925 
650 0 |a Investigación lingüística  |9 329785 
583 |a last modification  |c 20150423 05:11:20  |k Rodrigo Vera 
490 0 |a Colección Idea 
999 |c 305901  |d 305899 
952 |0 0  |1 0  |4 0  |6 467_983000000000000_SAE_2001  |7 0  |8 A  |9 370458  |a FDOPOS  |b FDOPOS  |d 2019-11-21  |i 395868K  |o 467.983 SAE 2001  |p 395868K  |r 2025-01-22  |w 2019-11-21  |y BK  |k MLA